00937nam a2200217 u 450000100100000000500170001000800410002704000250006808200160009310000370010924501470014626000360029330000280032949000690035749000440042650000680047050400400053883000730057883000510065199900170070200002070720250924073802.0100813s1985 dr a r 001 0 spa d aDO-SdBNPbspacBPJMD axxxxbC569t1 aMadé Serrano, Nicolás91180110aCiendia, tecnologia y sociedad en una region del tercer mundo :bAmérica Latina y el Caribe /cNicolás Madé Serrano, Ramón Morrisón. aSanto Domingo :bUniversitaria. a307 p. :bil. ;c21 cm.1 aPublicaciones de la Universidad Autónoma de Santo Domingov3751 aCiencia, tecnología y sociedadvno. 1 aIncluye datos biográficos de los autores en la contracubierta aIncluye bibliografía (p. 295-307) aPublicaciones de la Universidad Autónoma de Santo Domingov375952 0aCiencia, tecnología y sociedadvno. 1931255 c20211d20211